000 00548nam a22002057a 4500
003 MPLRDC
005 20220104200230.0
008 210129b ||||| |||| 00| 0 eng d
020 _a986-424-639-9
082 _a857.7 CHXL v.321
100 _a艾珈
245 _a我爱你,你爱谁
_c
250 _a初版
260 _a台湾
_b狗屋出版社有限公司
_c2004
300 _b
490 _a采花系列 321
520 _a2017-10-14 墨笔画线--pg.边沿(不详)。
650 _a长篇小说
942 _cBK
_o857.7 CHXL v.321
999 _c66595
_d66585